000 00491nam a22001697a 4500
999 _c41793
_d41793
003 OSt
005 20221109140248.0
008 221109b ||||| |||| 00| 0 eng d
020 _a8123904967
040 _coclc
082 _a581..3
_bPAN/I
100 _99293
_aPandey, A K
245 _aIntroduction to Embryology of Angiosperms /
_cA K Pandey
260 _aNew Delhi:
_bC B S publishers,
_c1997.
300 _a224 p
942 _2ddc
_cBK
_h581.3
_iPAN/I
_k581.3
_mPAN/I